La Fábula mística siglos XVI-XVII / (Registro nro. 54872)

Detalles MARC
000 -LEADER
fixed length control field 00712cam a2200205 4500
005 - DATE AND TIME OF LATEST TRANSACTION
control field 20150810080410.0
008 - FIXED-LENGTH DATA ELEMENTS--GENERAL INFORMATION
fixed length control field 150807b mx ||||| |||| 00| 0 spa d
020 ## - INTERNATIONAL STANDARD BOOK NUMBER
International Standard Book Number 9688591211
050 04 - LIBRARY OF CONGRESS CALL NUMBER
Classification number BV5075
Item number C47 1993
100 1# - MAIN ENTRY--PERSONAL NAME
Personal name Certeau, Michel de,
Dates associated with a name [1925-1986]
245 13 - TITLE STATEMENT
Title La Fábula mística siglos XVI-XVII /
Statement of responsibility, etc Michel de Certeau ; traducción de Jorge López Moctezuma.
250 ## - EDITION STATEMENT
Edition statement 1a. ed.
260 ## - PUBLICATION, DISTRIBUTION, ETC. (IMPRINT)
Place of publication, distribution, etc México :
Name of publisher, distributor, etc Universidad Iberoamericana, Departamento de Historia,
Date of publication, distribution, etc 1993.
300 ## - PHYSICAL DESCRIPTION
Extent 353 p. ;
Dimensions 23 cm.
490 ## - SERIES STATEMENT
Series statement El Oficio de la Historia
504 ## - BIBLIOGRAPHY, ETC. NOTE
Bibliography, etc Incluye índice
650 #7 - SUBJECT ADDED ENTRY--TOPICAL TERM
Source of heading or term LEMB
Topical term or geographic name as entry element Misticismo
General subdivision Historia
-- Siglos XVI-XVII
700 1# - ADDED ENTRY--PERSONAL NAME
Personal name López Moctezuma, Jorge,
Relator term tr.
942 ## - ADDED ENTRY ELEMENTS (KOHA)
Source of classification or shelving scheme Biblioteca del Cogreso de los Estados Unidos
Koha item type Libro
Existencias
Estado de pérdida Fuente de clasificación Estado del daño No para préstamo Ubicación permanente Ubicación actual Apartado o colección Fecha de adquisición Edición Dependencia de educación superior (DES) Área del conocimiento Clasificación Código de Barras Date last seen Número de copia Tipo de recurso Nota pública
  Biblioteca del Cogreso de los Estados Unidos     Biblioteca del Instituto de Investigaciones Históricas Biblioteca del Instituto de Investigaciones Históricas General 07/08/2015 1a. ed. Humanidades Educación y Humanidades BV5075 C47 1993 IIH000012897 07/08/2015 C:1 Libro GENERAL